000 01186nam0a22003131 4500
001 v19\rc\1738946
005 20260406165946.0
035 _a(NLR Aleph) 005231235
090 _a5607638
_c5607637
100 _a20061204d1902 |||y0rusy50 ca
101 1 _arus
_ceng
102 _aRU
105 _aa z |||a|
200 1 _aI. Хижина дяди Тома
_eРоман Бичер-Стоу
_eС множеством ил.
_fС англ. Е.Б.
210 _aМосква
_cтип. т-ва И.Д. Сытина
_d1902
215 _a457, [2] с.
_cил.
_d21
225 1 _aБиблиотека для детей и для юношества
_fПод ред. И. Горбунова-Посадова
517 0 _aХижина дяди Тома
517 0 _aОсвободители черных рабов
700 1 _7ca
_8rus
_aБичер-Стоу
_bГ.
_f1811-1896
_gГарриет
_9122331
_3RU\NLR\AUTH\7712620
702 0 _aЕ.Б.
_4730
801 0 _aRU
_bNLR
_c20061204
_gpsbo
801 0 _aRU
_bRuMoRGB
_c20061204
_2psbo
801 1 _aRU
_bProSoft-M
_c20061204
_2rusmarc
801 2 _aRU
_bNLR
_c20070822
_2rusmarc
852 _aNLR
_j38.60.2.19
942 _cBOOK
980 _aNB